000 00463ntaaa2200181 4500
003 01
005 20251027202356.0
008 0714s1973 ag 01
040 _aAR-BaBN
_bspa
_cAR-BaBN
_eaacr
_dRIC
082 _a282.0000 Su5
100 _aSullivan, John F
_922477
245 _aThe externals of the catholic church
250 _a1 ed.
260 _aNew York :
_bP.J. Kennedy and Sons,
_c1951
300 _axi, 403 p
650 _acatolicismo
_9316
942 _cBK
999 _c18662
_d18662